000 00607nam a2200229Ia 4500
001 2173
005 20240113233531.0
007 ta
008 050221s1935 a g b000 u eng u
040 _aRef. stack
041 _aeng
082 _a353.105
_bGOA
110 _aGovernment of Assam .
245 0 _aAssam general specifications 1935 /
_cGovernment of Assam.
_hReports
250 _a1st ed /
260 _aShilong :
_bAssam government press ,
_c1935.
300 _a43p. :
_bill ;
_c32cm .
653 _aReport - public work department
942 _2ddc
_cBK
999 _c2166
_d2166